| 000 | 01635nam a2200241 a 4500 | ||
|---|---|---|---|
| 001 | 000041801 | ||
| 005 | 20250520113501.0 | ||
| 008 | 090820s1995 sp 001 0 spa d | ||
| 020 | _a8481640468 | ||
| 040 |
_aDO-SdBNP _bspa _cBNPHU |
||
| 082 |
_a153.42 _bM549h |
||
| 245 | 0 | 0 |
_aLa mente humana / _cedición de Fernando Broncano. |
| 260 |
_aMadrid : _bTrotta : _bConsejo Superior de Investigaciones Científicas :, _c1995. |
||
| 300 |
_av. ; _c24 cm. |
||
| 490 | 1 |
_aEnciclopedia Iberoaméricana de Filosofía _v8 |
|
| 500 | _aIncluye referencias bibliográficas y notas al pie de las páginas | ||
| 505 | 0 | _aLa tesis de la identidad mente-cuerpo / Eduardo Rabossi -- El funcionalismo / Manuel García-Carpintero -- La concepción teológica de los estados mentales y de su contenido / Daniel Quesada -- Teorías de la arquitectura de lo mental / Jesús Ezquerro -- El conexionismo y su impacto en la filosofía de la mente / Josep Corbí y Josep L. Paredes -- Teoría del contenido mental / Juan José Acero -- Causalidad y contenido mental / Manuel Liz -- Eliminativismo y el futuro de la psicología popular / Josefa Toribio Mateas -- Evolución y lenguaje / Antoni Gomila Benejam -- El control racional de la conducta / Fernando Broncano -- Percepción / Vicente Sanfélix Vidarte -- Qualia: propiedades fenomenológicas / Alfonso García Suárez -- Conciencia / Enrique Villanueva. | |
| 650 | 0 |
_aPensamiento _922995 |
|
| 650 | 4 |
_aPsicología del aprendizaje _92721 |
|
| 700 | 1 | 2 |
_aBroncano, Fernández _eed. _968666 |
| 830 | 0 |
_aEnciclopedia Iberoaméricana de Filosofía _n2 _968667 |
|
| 910 | _aValidado. Control de calildad MFF | ||
| 999 |
_c41290 _d41290 |
||